| 000 | 01404nam a2200373 4500 | ||
|---|---|---|---|
| 003 | EC-UNACH | ||
| 005 | 20250515164353.0 | ||
| 006 | s||||gr|||| 00| 00 | ||
| 008 | 150116t9999 mx r gr 000 0 spa d | ||
| 020 | _a9789978510315 | ||
| 040 |
_aEC-UNACH _cEC-UNACH |
||
| 041 | _aspa | ||
| 082 | 0 | 4 |
_223 _a300 _bL017781 |
| 110 | _aCentro Andino de Acción Popular (CAAP) | ||
| 245 | _aDiálogos. A propósito del Capital del Siglo XXI | ||
| 250 | _aPrimera edición | ||
| 264 |
_aQuito – Ecuador _bCAAP _c2016 |
||
| 300 |
_a155 páginas _bGráficos, Cuadros _c14,5 X 21 cm |
||
| 505 | _aPresentación -- Piketty y la Transformación del Capitalismo del S. XXI -- Una lectura de Piketty desde los Andes -- La Pertinencia del Enfoque de Piketty -- Desigualdad Factorial del Ingreso y Régimen de Crecimiento Económico en Ecuador -- Anexo: información Básica del Ecuador (1950-2013). | ||
| 650 | _aPIKETTY EN ECUADOR | ||
| 650 | _aCLASES SOCIALES | ||
| 650 | _aCRECIMIENTO ECONÓMICO | ||
| 650 | _aMASA SALARIAL | ||
| 650 | _aEXPLOTACIÓN DEL PIB | ||
| 653 | _aSánchez-Parga, José | ||
| 700 | _aSánchez, Jeannette | ||
| 700 | _aPéres Sáinz, Juan Pablo | ||
| 700 | _aAlarco Tosoni, Germán | ||
| 942 |
_2ddc _c1 |
||
| 999 | _c13578 | ||